000 00693nam a2200193 i 4500
001 51552
003 ES-MaACL
005 20240223063025.0
007 t|
008 030813s1918 sp ||||1| spa d
100 0 _aDalmau Carles, José,
_d1857-1928
_942520
245 1 0 _aSoluciones analíticas de los ejercicios y problemas contenidos en la obras del autor /
_cJosé Dalmau Carles.
250 _a17ª ed. corr. y aum. por José María Dalmau Casademont.
260 _aBarcelona :
_bJuan darné,
_c1918 (
_fHenrich y Cª)
300 _aXII, 13-582 p. ;
_c21 cm.
700 1 _aDalmau Casademont, José María.
_942521
852 _aES-MaACL
_jD-2849
999 _c51552
_d51552